00294nam a2200121Ia 4500008004100000082001600041100001600057245003700073250000800110260003700118300000900155650000800164191201s2007 xx 000 0 und d a658.15bBHI aBHALLA, V K 0aInternational Finance Management a6th aN.DelhibAnmol Publicationc2007 a1138 aMBA